00591pab a2200181 454500008004000000100001800040245008100058260000900139300001500148362001100163650002800174650002000202700002100222773003400243909001000277999001700287952010500304180718b2004 xxu||||| |||| 00| 0 eng d aSankar, Deepa aHealth system performance in rural India: efficiency estimates across states c2004 ap.1427-433 a27 Mar aHealth services - India aHealth services aKathuria, Vinish aEconomic and Political Weekly a60097 c60097d60097 00104070aIIPAbIIPAd2018-07-19hVolume no: 39, Issue no: 13pAR60542r2018-07-19w2018-07-19yAR